<?xml version="1.0" encoding="UTF-8"?>
<collection xmlns="http://www.loc.gov/MARC21/slim">
 <record>
  <leader>01314nam a2200277 a 4500</leader>
  <controlfield tag="001">1/54627</controlfield>
  <controlfield tag="008">211206s2001    enka          000 | eng d</controlfield>
  <datafield tag="020" ind1=" " ind2=" ">
   <subfield code="a">9608172098</subfield>
  </datafield>
  <datafield tag="040" ind1=" " ind2=" ">
   <subfield code="a">GR-PeUP</subfield>
  </datafield>
  <datafield tag="082" ind1="0" ind2="0">
   <subfield code="a">949.50726 HOR</subfield>
  </datafield>
  <datafield tag="100" ind1="1" ind2=" ">
   <subfield code="a">Horton, George,</subfield>
   <subfield code="d">1860-1942.</subfield>
  </datafield>
  <datafield tag="245" ind1="1" ind2="4">
   <subfield code="a">The blight of Asia : </subfield>
   <subfield code="b">an account of the systematic extermination of Christian populations by Mohammedans and of the culpability of certain great powers, with a true story of the burning of Smyrna /</subfield>
   <subfield code="c">by George Horton ; with a foreword by James W. Gerard.</subfield>
  </datafield>
  <datafield tag="260" ind1=" " ind2=" ">
   <subfield code="a">Athens : </subfield>
   <subfield code="b">The Society for the Study of Greek History, </subfield>
   <subfield code="c">2001.</subfield>
  </datafield>
  <datafield tag="300" ind1=" " ind2=" ">
   <subfield code="a">292, [16] σ. :</subfield>
   <subfield code="b">πίν., φωτ. χάρτ. ;</subfield>
   <subfield code="c">21 εκ.</subfield>
  </datafield>
  <datafield tag="500" ind1=" " ind2=" ">
   <subfield code="a">Ανατύπωση. Πρωτότυπη έκδ., 1926.</subfield>
  </datafield>
  <datafield tag="650" ind1=" " ind2="0">
   <subfield code="a">Greeks</subfield>
   <subfield code="z">Turkey.</subfield>
  </datafield>
  <datafield tag="650" ind1=" " ind2="0">
   <subfield code="a">Christians</subfield>
   <subfield code="z">Turkey.</subfield>
  </datafield>
  <datafield tag="650" ind1=" " ind2="0">
   <subfield code="a">Fires</subfield>
   <subfield code="z">Turkey</subfield>
   <subfield code="z">Izmir.</subfield>
  </datafield>
  <datafield tag="650" ind1=" " ind2="4">
   <subfield code="a">Ελληνες</subfield>
   <subfield code="z">Τουρκία.</subfield>
  </datafield>
  <datafield tag="650" ind1=" " ind2="4">
   <subfield code="a">Χριστιανοί</subfield>
   <subfield code="z">Τουρκία.</subfield>
  </datafield>
  <datafield tag="650" ind1=" " ind2="4">
   <subfield code="a">Πυρκαγιές</subfield>
   <subfield code="z">Τουρκία</subfield>
   <subfield code="z">Σμύρνη.</subfield>
  </datafield>
  <datafield tag="651" ind1=" " ind2="0">
   <subfield code="a">Izmir (Turkey) </subfield>
   <subfield code="x">History</subfield>
   <subfield code="y">1922.</subfield>
  </datafield>
  <datafield tag="651" ind1=" " ind2="4">
   <subfield code="a">Σμύρνη (Τουρκία)</subfield>
   <subfield code="x">Ιστορία</subfield>
   <subfield code="y">1922.</subfield>
  </datafield>
  <datafield tag="700" ind1="1" ind2=" ">
   <subfield code="a">Gerard, James W. (James Watson), </subfield>
   <subfield code="d">1794-1874.</subfield>
  </datafield>
  <datafield tag="852" ind1=" " ind2=" ">
   <subfield code="a">INST</subfield>
   <subfield code="b">UNIPILB</subfield>
   <subfield code="c">MAIN</subfield>
   <subfield code="e">20211206</subfield>
   <subfield code="h">949.50726 HOR</subfield>
   <subfield code="p">00186988</subfield>
   <subfield code="q">00186988</subfield>
   <subfield code="t">LOAN</subfield>
   <subfield code="y">0</subfield>
   <subfield code="4">1</subfield>
  </datafield>
  <datafield tag="960" ind1=" " ind2=" ">
   <subfield code="a">ΑΛΜΠΑΝΗ ΤΑΝΙΑ</subfield>
  </datafield>
 </record>
</collection>
